Pays possédant la plus grande superficie de terres agricoles - Statistiques

Statistiques générales
  • Ce quiz a été pris 98 fois
  • Le résultat moyen est 12 sur 15
Statistiques - réponses
Superficie en (km²) % de la superficie Pays % Correct
1 681 826 17.1 États-Unis
100%
800 485 9.4 Brésil
98%
519 205 5.2 Canada
98%
1 238 013 12.9 Chine
97%
1 765 260 53,7 Inde
97%
1 265 267 7.4 Russie
97%
487 695 6.3 Australie
92%
259 301 13.2 Mexique
90%
397 598 14.3 Argentine
88%
347 673 57,6 Ukraine
78%
478 055 25.1 Indonésie
74%
240 553 30.7 Turquie
66%
242 516 8.9 Kazakhstan
60%
412 938 44,7 Nigeria
39%
296 289 15.9 Soudan
32%
Aucun quiz correspondant
Distribution des résultats
% des personnes avec chaque résultat
Percentile par nombre de réponses
Votre historique - résultats
Vous n’avez pas pris ce quiz